000
00286nam a22001337a 4500
008
170424b xxu||||| |||| 00| 0 eng d
020
_a
9780321971371
041
_a
eng
080
_a
547
100
_a
12
101
_a
SHM
245
_a
ORGANIC CHEMISTRY
_c
WADE, L.G
942
_2
udc
_c
BK
999
_c
11599
_d
11599